Ancient Near Eastern Empires Quiz - Statistics

General Stats
  • This quiz has been taken 57 times
  • The average score is 10 of 19
Answer Stats
Hint Answer % Correct
A revival of an older empire that had formerly dominated Mesopotamia, under a new Chaldean dynasty, starting with Nabopolassar. This dynasty's ruler, Nebuchadnezzar II, is known for the seventy-year exile of the ancient Judahites. Neo-Babylonian Empire
90%
This empire was known for its brutal conquests under rulers like Tiglath-Pileser III and Sennacherib. They are famous for their conquest of the Northern Israelite Kingdom and their failure to conquer their rebellious vassal King Hezekiah of Judah. Neo-Assyrian Empire
83%
This period of history for this civilization began when Ahmose I drove the Hyksos out of the Goshen region. Notable rulers from this period include Thutmose III, Hatshepsut, Akhenaten, and Ramesses II. This empire rivaled the above kingdom. New Kingdom Egypt
83%
Under Cyrus the Great, this relatively small Elamite state, initially centered at Anshan, took over the Median Empire from within and conquered Babylon. Cyrus' successors created the largest empire the world had ever seen, reaching its height under Xerxes I. Achaemenid Empire
79%
This Anatolian empire of Indo-European people was centered on the city of Hattusa and was a pioneer in ironworking. They are mentioned in the Old Testament as one of the groups inhabiting the land of Canaan. Hittite Empire
76%
Widely regarded as the world's first major empire, this state in central Mesopotamia began its conquest of the rest of the region under Sargon. Akkadian Empire
74%
Though not originating in the Near East, this empire was founded by a young ruler's aspirations to conquer the largest empire of the day. This empire fractured into four main parts in the Wars of the Diadochi. Macedonian Empire
67%
This nation centered on Constantinople, a continuation of the Roman Empire, was famous for the Hagia Sophia, its monopoly on the European silk trade, and its survivability. This empire lasted until 1453 C.E. Byzantine Empire
60%
The above nation was conquered by this empire until this nation's defeat by the empire below. This kingdom centered on the cities of Meroë and Napata in the modern-day country of Sudan. Kingdom of Kush
57%
Under Tigranes the Great, this country expanded as far south as Judea before being defeated by the Roman Empire. This kingdom later became the first state to accept Christianity as its state religion. Kingdom of Armenia
45%
This empire, starting in the Zagros mountains region, was the first extensive Iranian state. Under Cyaxares, this entity collaborated with the above to attack Nineveh and destroy the time's most powerful empire, and laid the groundwork for the expansion of the empire below. Median Empire
43%
This empire succeeded the Parthian Arsacid Dynasty as the rulers of Iran, and was the last great Iranian state before the Islamic Conquest. Under Khosrow II, this nation reached its greatest territorial extent before being defeated by the empire below, after which it was left vulnerable to the Islamic Conquest. Sasanian Empire
43%
Another Anatolian state that dominated western Asia Minor during the Iron Age. This state was eventually conquered by a certain Cyrus. Kingdom of Lydia
40%
This short-lived empire broke away from Rome during the Crisis of the Third Century under Queen Zenobia, who conquered Egypt and the Levant before being defeated by Rome. Palmyrene Empire
40%
One of the successor states to the above empire, this state was centered around Mesopotamia and Syria, being driven out of Iran by the Parthians and out of Judea by the Maccabean Revolt. Seleucid Empire
33%
This Iron Age Hurrian state, a predecessor to Armenia, was a powerful northern rival of the above empire. Its namesake mountain range mostly in modern-day Turkey is the purported landing site for the arks of several Near Eastern flood myths. Kingdom of Urartu
31%
This North Arabian kingdom focused in the Sinai, Negev, and modern-day Jordan is known for building the city of Petra, with massive monuments carved into the cliffsides. The Kingdom was absorbed by the Romans in the second century C.E. Nabataean Kingdom
31%
This empire is famous for the law code devised by its most famous ruler, Hammurabi. Another empire would eventually come from the same city about a millennium later. Old Babylonian Empire
26%
This Hurrian state dominated northern Mesopotamia during the transition from the Middle Bronze Age to the Late Bronze Age, eventually being conquered by the surrounding empires, including the one mentioned below. Kingdom of Mitanni
21%
No matching quizzes found
Score Distribution
Percent of People with Each Score
Percentile by Number Answered
Your Score History
You have not taken this quiz